Cities of Belgium & Luxembourg - Statistics

General Stats
  • This quiz has been taken 473 times
    466 since last reset
  • The average score is 29 of 149
Answers on the Map
Answers color-coded by a green-red scale on the quiz's map according to % correct below.
 
Answer Stats
group answer % Correct
Brussel Brussel | Bruxelles | Brüssel | Brussels
92%
Antwerpen Antwerpen | Anvers | Antwerp
91%
Lëtzebuerg Lëtzebuerg | Luxembourg | Luxemburg
85%
Oost-Vlaanderen Gent | Gand | Ghent | Gaunt
83%
West-Vlaanderen Brugge | Bruges | Brügge
80%
Luik Liège | Lüttich | Luik
80%
Henegouwen Charleroi
70%
Namen Namur | Namen
64%
West-Vlaanderen Oostende | Ostende | Ostend
58%
Vlaams-Brabant Leuven | Louvain | Löwen
54%
Limburg Genk
53%
Henegouwen Mons | Bergen
47%
Antwerpen Mechelen | Malines | Mecheln | Mechlin
44%
West-Vlaanderen Kortrijk | Courtrai | Cortrick | Courtray
43%
Limburg Hasselt
40%
West-Vlaanderen Ieper | Ypres | Ypern
39%
Oost-Vlaanderen Aalst | Alost
35%
Luxemburg Arlon | Arel | Aarlen
34%
Luik Eupen | Néau
33%
Lëtzebuerg Esch-Uelzecht | Esch-sur-Alzette | Esch-Alzette
32%
Oost-Vlaanderen Sint-Niklaas | Saint-Nicolas
30%
Luxemburg Bastogne | Bastenach | Bastenaken | Baaschtnech
29%
Luik Spa
28%
Henegouwen Tournai | Doornik | Dornick
28%
Lëtzebuerg Diddeleng | Dudelange | Düdelingen
26%
Henegouwen Mouscron | Moeskroen
26%
Waals-Brabant Wavre | Waver
26%
Namen Dinant
25%
Luik Malmedy
25%
Limburg Sint-Truiden | Saint-Trond
25%
Antwerpen Turnhout
25%
Luik Verviers
25%
Luik Huy | Hoei
24%
Oost-Vlaanderen Lokeren | Locres
24%
West-Vlaanderen Roeselare | Roulers
24%
West-Vlaanderen Waregem
24%
Henegouwen La-Louvière
23%
West-Vlaanderen Blankenberge | Blankenberghe
22%
Oost-Vlaanderen Dendermonde | Termonde
22%
Antwerpen Geel
21%
Antwerpen Lier | Lierre
21%
Limburg Tongeren-Borgloon | Tongres-Looz | Tongern-Borgloon
21%
Lëtzebuerg Déifferdeng | Differdange | Differdingen
20%
Luxemburg Durbuy
19%
Luik Sankt Vith | Saint-Vith
19%
Luik Seraing
19%
Vlaams-Brabant Vilvoorde | Vilvorde
19%
Luxemburg Bouillon | Bullioen
18%
Lëtzebuerg Dikrech | Diekirch
18%
Vlaams-Brabant Halle | Hal
18%
Luik Limbourg | Limburg
18%
Limburg Lommel
18%
West-Vlaanderen Nieuwpoort
18%
Vlaams-Brabant Diest
17%
Lëtzebuerg Iechternach | Echternach
17%
Oost-Vlaanderen Ninove
17%
Oost-Vlaanderen Oudenaarde | Audenarde
17%
Vlaams-Brabant Tienen | Tirlemont
17%
Vlaams-Brabant Aarschot | Aerschot
16%
Henegouwen Ath | Aat
15%
Henegouwen Chimay
15%
Oost-Vlaanderen Deinze | Deynse
15%
West-Vlaanderen Diksmuide | Dixmude
15%
Oost-Vlaanderen Eeklo
15%
Limburg Maaseik | Maeseyck | Maeseyk
15%
West-Vlaanderen Poperinge | Poperinghe | Poperingue
15%
Lëtzebuerg Veianen | Vianden
15%
Antwerpen Herentals
14%
Antwerpen Hoogstraten
14%
West-Vlaanderen Veurne | Furnes
14%
Luxemburg Virton
14%
Lëtzebuerg Ettelbréck | Ettelbruck | Ettelbrück
13%
Oost-Vlaanderen Geraardsbergen | Grammont | Gerhardsbergen
13%
Vlaams-Brabant Landen
13%
Luxemburg Marche-en-Famenne
13%
West-Vlaanderen Menen | Menin
13%
Waals-Brabant Nivelles | Nijvel
13%
Limburg Peer
13%
Namen Rochefort
13%
Oost-Vlaanderen Ronse | Renaix
13%
West-Vlaanderen Torhout | Thourout
13%
Luik Visé | Wezet
13%
Lëtzebuerg Wolz | Wiltz
13%
Limburg Beringen | Béringue
12%
Namen Ciney
12%
West-Vlaanderen Damme
12%
Lëtzebuerg Gréiwemaacher | Grevenmacher
12%
Luxemburg La-Roche-en-Ardennes | Welchenfels | Welsch Fiels
12%
West-Vlaanderen Tielt | Thielt
12%
Oost-Vlaanderen Zottegem
12%
Henegouwen Binche
11%
Limburg Bree | Brée
11%
Luik Herstal
11%
Luxemburg Houffalize | Hohenfels | Haufelescht
11%
Luxemburg Neufchâteau | Neuenburg
11%
Luik Ans
10%
Henegouwen Comines-Warneton | Komen-Waasten
10%
Namen Couvin
10%
Luik Hannut | Hannuit
10%
Antwerpen Mortsel
10%
Namen Philippeville
10%
Lëtzebuerg Réimech | Remich
10%
Luik Stavelot | Stablo
10%
Waals-Brabant Tubize | Tubeke
10%
Luik Waremme | Borgworm
10%
Luxemburg Florenville
9%
West-Vlaanderen Harelbeke
9%
Limburg Herk-de-Stad | Herck-la-Ville
9%
West-Vlaanderen Izegem | Iseghem
9%
Waals-Brabant Ottignies-Louvain-la-Neuve
9%
Luxemburg Saint-Hubert
9%
Namen Andenne
8%
Luxemburg Aubange | Ibingen | Éiben
8%
Henegouwen Braine-le-Comte | 's-Gravenbrakel
8%
Henegouwen Enghien | Edingen
8%
Namen Gembloux | Gembloers
8%
West-Vlaanderen Gistel | Ghistelles
8%
Limburg Hamont-Achel
8%
Luik Herve
8%
Waals-Brabant Jodoigne | Geldenaken
8%
Namen Sambreville
8%
Henegouwen Soignies | Zinnik
8%
West-Vlaanderen Wervik | Wervicq
8%
Vlaams-Brabant Zoutleeuw | Léau
8%
Namen Beauraing
7%
Henegouwen Châtelet
7%
Henegouwen Fleurus
7%
Vlaams-Brabant Halen | Haelen
7%
Henegouwen Lessines | Lessen
7%
Henegouwen Leuze-en-Hainaut | Leuze
7%
West-Vlaanderen Lo-Reninge
7%
West-Vlaanderen Mesen | Messines
7%
West-Vlaanderen Oudenburg | Audembourg
7%
Henegouwen Saint-Ghislain
7%
Vlaams-Brabant Scherpenheuvel-Zichem | Montaigu-Zichem
7%
Henegouwen Thuin | Thuden
7%
Henegouwen Beaumont
6%
Luxemburg Chiny
6%
Limburg Dilsen-Stokkem | Dilsen-Stockem | Dilsen-Stockheim
6%
Waals-Brabant Genappe | Genepiën
6%
Namen Walcourt
6%
Henegouwen Antoing
5%
Henegouwen Belœil | Belle
4%
Limburg Bilzen-Hoeselt | Bilsen-Hoeselt
4%
Henegouwen Chièvres
4%
Henegouwen Fontaine-l'Évêque
4%
Namen Fosses-la-Ville
4%
Henegouwen Le Rœulx
4%
Lëtzebuerg Rëmeleng | Rumelange | Rümelingen
4%
No matching quizzes found
Score Distribution
Percent of People with Each Score
Percentile by Number Answered
Your Score History
You have not taken this quiz since the last reset